Loading...
| History - World | 0 | 2 | 0 | 0 | 20 | 43 | 57.00 | 1 | 1 | 8.72 | 12.12 |
| History - American | 0 | 2 | 0 | 1 | 20 | 43 | 73.00 | 0 | 0 | 5.02 | 2.73 |
| History - European | 0 | 2 | 0 | 1 | 20 | 48 | 74.50 | 0 | 1 | 4.68 | 10.91 |
| Geography | 0 | 1 | 0 | 0 | 10 | 91 | 91.00 | 0 | 0 | 4.23 | 1.67 |
| Literature - European | 0 | 1 | 0 | 1 | 10 | 119 | 119.00 | 0 | 0 | 0.44 | 5.45 |
| Philosophy | 0 | 1 | 0 | 0 | 10 | 70 | 70.00 | 0 | 0 | 4.08 | 2.86 |
| Science - Chemistry | 0 | 1 | 0 | 1 | 10 | 103 | 103.00 | 0 | 0 | 0.80 | 0.00 |
| Social Science | 0 | 1 | 1 | 0 | 5 | 53 | 53.00 | 0 | 1 | 6.07 | 8.75 |
| Literature - British | 0 | 0 | 1 | 0 | -5 | 0.00 | 0 | 0 | 0.00 | 0.00 | |
| Literature - World | 0 | 0 | 1 | 0 | -5 | 0.00 | 0 | 0 | 0.00 | 0.00 |